David Copperfield (Record no. 6132)

MARC details
000 -LEADER
fixed length control field 00635 a2200205 4500
005 - DATE AND TIME OF LATEST TRANSACTION
control field 20080826114853.0
008 - FIXED-LENGTH DATA ELEMENTS--GENERAL INFORMATION
fixed length control field 080826t xxu||||| |||| 00| 0 eng d
010 ## - LIBRARY OF CONGRESS CONTROL NUMBER
LC control number ENG-87177
020 ## - INTERNATIONAL STANDARD BOOK NUMBER
Terms of availability 21.00
035 ## - SYSTEM CONTROL NUMBER
System control number EN-70710
037 ## - SOURCE OF ACQUISITION
Source of stock number/acquisition DBAD / PUB
082 ## - DEWEY DECIMAL CLASSIFICATION NUMBER
Classification number S
100 ## - MAIN ENTRY--PERSONAL NAME
Personal name Dickens, Charles
245 ## - TITLE STATEMENT
Title David Copperfield
Statement of responsibility, etc by Charles Dickens
260 ## - PUBLICATION, DISTRIBUTION, ETC. (IMPRINT)
Place of publication, distribution, etc Chennai
Name of publisher, distributor, etc V.V. Rajan & Co
Date of publication, distribution, etc 1998
300 ## - PHYSICAL DESCRIPTION
Extent 108 p.
Dimensions 22 cm (Pbk.)
490 ## - SERIES STATEMENT
Series statement ever classics
942 ## - ADDED ENTRY ELEMENTS (KOHA)
Institution code [OBSOLETE] dpl
Koha item type English Books
Call number prefix S / DIC
Source of classification or shelving scheme Dewey Decimal Classification
Classification part S
Call number suffix DIC
Holdings
Withdrawn status Lost status Damaged status Not for loan Home library Current library Date acquired Cost, normal purchase price Total Checkouts Full call number Barcode Date last seen Copy number Uniform Resource Identifier Cost, replacement price Price effective from Koha item type
        D.B.Act.Division D.B.Act.Division 26/08/2008 21.00   S DIC EN-70710 15/09/2008 1 6574 21.00 15/09/2008 English Books

© Delhi Public Library
Hit Counter
free hit counter